UBT Library

Is blood thicker than water? : (Record no. 511)

000 -LEADER
fixed length control field 00491nam a22001697a 4500
008 - FIXED-LENGTH DATA ELEMENTS--GENERAL INFORMATION
fixed length control field 141003b xxu||||| |||| 00| 0 eng d
020 ## - INTERNATIONAL STANDARD BOOK NUMBER
International Standard Book Number 0375704280
041 0# - LANGUAGE CODE
Language code of text/sound track or separate title eng
080 ## - UNIVERSAL DECIMAL CLASSIFICATION NUMBER
Universal Decimal Classification number 94
100 1# - Rafti
Rafti McPherson, James M.
245 ## - TITLE STATEMENT
Title Is blood thicker than water? :
Statement of responsibility, etc James M. McPherson.
250 ## -
-- 1st Vintage Books ed.
260 ## -
-- New York :
-- Vintage Books
-- 1999.
300 ## -
-- 90 f. :
-- 21 cm.
650 #0 -
-- Nacionalizmi
942 ## - ADDED ENTRY ELEMENTS (KOHA)
Source of classification or shelving scheme
Item type Books
Holdings
Withdrawn status Lost status Source of classification or shelving scheme Damaged status Not for loan Collection code Permanent location Current location Shelving location Date acquired Total Checkouts Full call number Barcode Date last seen Koha item type
          Koleksioni i përgjithshem UBT - Prishtine UBT - Prishtine Koleksioni i përgjithshem 10/03/2014   94 (73) MCP 001-000583 10/03/2014 Books
UBT Library © 2015-2024. All rights reserved University Education for Business and Technology